| 000 | 00626nam a2200181 4500 | ||
|---|---|---|---|
| 008 | 171201b xxu||||| |||| 00| 0 eng d | ||
| 020 | _a0-07-003926-7 | ||
| 082 |
_21991 _aDC 658 _bB23 |
||
| 100 |
_923842 _aBartol, Kathryn M |
||
| 245 |
_aManagement / _cKathryn M. Bartol, David C. Martin |
||
| 260 |
_aNew York : _bMcGraw-Hill, _c© 1991. |
||
| 300 |
_axxix, 813, [81] pages : _bcolor illustrations ; _c26 cm. |
||
| 440 |
_923843 _aMcGraw-Hill series in management |
||
| 500 | _aIncludes bibliographical references and indexes. | ||
| 650 | 0 |
_923844 _aManagement |
|
| 700 |
_923845 _aMartin, David Clarke |
||
| 942 |
_2ddc _cDC |
||
| 999 |
_c7846 _d7846 |
||